[Event "LTU-ch sf"]
[Site "Kaunas"]
[Date "2024.03.11"]
[Round "8"]
[White "Vedrickas, Tautvydas"]
[Black "Salna, Aleksandras"]
[Result "1-0"]
[WhiteElo "2326"]
[BlackElo "2265"]
[PlyCount "123"]
[EventDate "2024.03.06"]
[EventType "swiss"]
[EventRounds "8"]
[EventCountry "LTU"]
[SourceTitle "CB11_2024"]
[SourceDate "2024.03.13"]
[SourceVersion "1"]
[SourceVersionDate "2024.03.13"]
[SourceQuality "1"]

1. d4 d5 2. Nf3 Nf6 3. g3 Bf5 4. Bg2 e6 5. 0-0 Be7 6. c4 c6 7. b3 0-0 8. Bb2 Nbd7 9. Nc3 Ne4 10. Nd2 Nxd2 11. Qxd2 Nf6 12. Rfe1 a5 13. a3 Qb6 14. cxd5 exd5 15. Qd1 Rfe8 16. Na4 Qc7 17. Nc5 Bd6 18. Rc1 h5 19. Qd2 h4 20. Qg5 hxg3 21. Qxf5 gxf2+ 22. Kxf2 Bxh2 23. Rc3 b6 24. Rh3 bxc5 25. Rh1 Bg3+ 26. Rxg3 Rxe2+ 27. Kxe2 Qxg3 28. Qh3 Qxh3 29. Rxh3 cxd4 30. Bxd4 Nd7 31. Rg3 g6 32. Bh3 Re8+ 33. Kd2 Nf8 34. Bb6 Kh7 35. Re3 Rb8 36. Bc7 Rb7 37. Bxa5 f5 38. Bb4 Nd7 39. Re7+ Kh6 40. Kc2 Kg5 41. Bd6 Kf6 42. a4 g5 43. a5 g4 44. Bf1 Ra7 45. b4 f4 46. Rh7 f3 47. Bd3 Ke6 48. Bc5 Rc7 49. a6 g3 50. a7 Nxc5 51. a8Q Rxh7 52. Qg8+ Rf7 53. bxc5 f2 54. Qxg3 Rf6 55. Bf1 Kf7 56. Kd2 Ke6 57. Qc7 Kf5 58. Bd3+ Ke6 59. Qxc6+ Ke5 60. Qe8+ Re6 61. Qh8+ Rf6 62. c6 1-0

[Event "LTU-ch sf"]
[Site "Kaunas"]
[Date "2024.03.09"]
[Round "5"]
[White "Pidluznij, Gleb"]
[Black "Vedrickas, Tautvydas"]
[Result "1/2-1/2"]
[WhiteElo "2308"]
[BlackElo "2326"]
[PlyCount "58"]
[EventDate "2024.03.06"]
[EventType "swiss"]
[EventRounds "8"]
[EventCountry "LTU"]
[SourceTitle "CB11_2024"]
[SourceDate "2024.03.13"]
[SourceVersion "1"]
[SourceVersionDate "2024.03.13"]
[SourceQuality "1"]

1. d4 d5 2. Nf3 Nf6 3. g3 e6 4. Bg2 Nbd7 5. 0-0 c6 6. Nbd2 Be7 7. Re1 0-0 8. e4 dxe4 9. Nxe4 Nxe4 10. Rxe4 c5 11. dxc5 Nxc5 12. Qxd8 Rxd8 13. Re1 f6 14. Nd2 e5 15. Nf1 Rb8 16. f4 Bd6 17. Be3 b6 18. Rad1 Bf5 19. Rd2 Kf8 20. Red1 Bc7 21. Rxd8+ Rxd8 22. Rxd8+ Bxd8 23. Bxc5+ bxc5 24. Ne3 Be6 25. Bd5 exf4 26. Bxe6 fxe3 27. Kg2 Ba5 28. c3 Ke7 29. Bg8 h6 1/2-1/2

[Event "Marijampole Buzas Memorial"]
[Site "Marijampole"]
[Date "2023.08.26"]
[Round "6"]
[White "Vedrickas, Tautvydas"]
[Black "Paulauskas, Andrius"]
[Result "0-1"]
[WhiteElo "2189"]
[BlackElo "2006"]
[PlyCount "78"]
[EventDate "2023.08.26"]
[EventType "swiss (rapid)"]
[EventRounds "9"]
[EventCountry "LTU"]
[SourceTitle "EXT 2024"]
[Source "ChessBase"]
[SourceDate "2023.10.10"]
[SourceVersion "1"]
[SourceVersionDate "2023.10.10"]
[SourceQuality "1"]

1. d4 f5 2. h3 Nf6 3. g4 fxg4 4. hxg4 d5 5. g5 Ne4 6. c4 e5 7. Nf3 Bb4+ 8. Bd2 Nxd2 9. Nbxd2 e4 10. Ne5 Qxg5 11. Qa4+ Nc6 12. 0-0-0 Bxd2+ 13. Rxd2 0-0 14. Nxc6 Bd7 15. cxd5 bxc6 16. e3 Bg4 17. Rg1 Rxf2 18. Qb3 Qf6 19. d6+ Kh8 20. Rxf2 Qxf2 21. Rxg4 Qxf1+ 22. Qd1 Qxd1+ 23. Kxd1 cxd6 24. Rxe4 Rd8 25. Re7 h5 26. Ke2 Rf8 27. Re6 Rf6 28. Re4 d5 29. Rh4 g6 30. b4 Kg7 31. a4 Kh6 32. Rh1 g5 33. Kd3 g4 34. b5 cxb5 35. axb5 g3 36. e4 dxe4+ 37. Kxe4 Kg5 38. d5 h4 39. Ra1 g2 0-1

[Event "LTU-ch"]
[Site "Kaunas"]
[Date "2023.06.13"]
[Round "9"]
[White "Pultinevicius, Paulius"]
[Black "Vedrickas, Tautvydas"]
[Result "1-0"]
[WhiteElo "2537"]
[BlackElo "2354"]
[PlyCount "79"]
[EventDate "2023.06.06"]
[EventType "tourn"]
[EventRounds "9"]
[EventCountry "LTU"]
[EventCategory "8"]
[SourceTitle "CBM 214 Extra"]
[Source "ChessBase"]
[SourceDate "2023.07.31"]
[SourceVersion "1"]
[SourceVersionDate "2023.07.31"]
[SourceQuality "1"]

1. Nf3 Nf6 2. g3 g6 3. Bg2 Bg7 4. d4 0-0 5. c4 d6 6. Nc3 Nc6 7. d5 Nb8 8. 0-0 e5 9. e4 a5 10. Ne1 Na6 11. Nd3 Nd7 12. Be3 f5 13. exf5 gxf5 14. f4 e4 15. Nf2 Ndc5 16. Re1 Bd7 17. h3 a4 18. Bd4 Bxd4 19. Qxd4 Nb4 20. Qd2 Nbd3 21. Nxd3 exd3 22. Qf2 Qf6 23. Rad1 Rfe8 24. a3 Rxe1+ 25. Rxe1 Nb3 26. Rd1 d2 27. Bf1 Re8 28. Kg2 Re4 29. Nxe4 fxe4 30. Qe3 Qxb2 31. Qxe4 Nc5 32. Qe3 Bf5 33. Rxd2 Be4+ 34. Kh2 Qb3 35. Re2 Kf7 36. g4 b5 37. cxb5 Qxd5 38. Bg2 Bxg2 39. Qe8+ Kg7 40. Re7+ 1-0

[Event "LTU-ch"]
[Site "Kaunas"]
[Date "2023.06.08"]
[Round "3"]
[White "Vedrickas, Tautvydas"]
[Black "Kazakouski, Valery"]
[Result "0-1"]
[WhiteElo "2354"]
[BlackElo "2524"]
[PlyCount "92"]
[EventDate "2023.06.06"]
[EventType "tourn"]
[EventRounds "9"]
[EventCountry "LTU"]
[EventCategory "8"]
[SourceTitle "CBM 214 Extra"]
[Source "ChessBase"]
[SourceDate "2023.07.31"]
[SourceVersion "1"]
[SourceVersionDate "2023.07.31"]
[SourceQuality "1"]

1. c4 f5 2. Nc3 Nf6 3. e4 fxe4 4. g4 h6 5. Bg2 e5 6. h4 d5 7. g5 hxg5 8. hxg5 Rxh1 9. Bxh1 Ng4 10. cxd5 Qxg5 11. Nxe4 Qg6 12. Ne2 Bf5 13. N2g3 Nd7 14. Nxf5 Qxf5 15. Qc2 Nh6 16. d4 Qh3 17. Ng3 0-0-0 18. Bg5 Bb4+ 19. Bd2 Bxd2+ 20. Kxd2 Qh4 21. Qe4 Qf6 22. Rc1 Nf7 23. Nf5 Rf8 24. dxe5 Nfxe5 25. f4 Qxf5 26. Qxf5 Rxf5 27. fxe5 Rxe5 28. Rg1 Re7 29. Bg2 Nf6 30. Kd3 Kd7 31. d6 cxd6 32. Bxb7 d5 33. b4 Kd6 34. Bc8 Rc7 35. Bh3 Ne4 36. Rg6+ Ke5 37. Re6+ Kf4 38. Bg2 Kf5 39. Bh3+ Kf4 40. Bg2 Nc3 41. a4 Nxa4 42. Bxd5 Rd7 43. Kd4 Nb6 44. Re4+ Kg5 45. Re5+ Kh4 46. b5 g5 0-1

[Event "LTU-chT"]
[Site "Lithuania"]
[Date "2023.04.22"]
[Round "5.2"]
[White "Vedrickas, Tautvydas"]
[Black "Baliasnyj, Timur"]
[Result "1/2-1/2"]
[WhiteElo "2358"]
[BlackElo "2197"]
[PlyCount "83"]
[EventDate "2023.03.04"]
[EventType "team"]
[EventRounds "7"]
[EventCountry "LTU"]
[SourceTitle "EXT 2024"]
[Source "ChessBase"]
[SourceDate "2023.10.10"]
[SourceVersion "1"]
[SourceVersionDate "2023.10.10"]
[SourceQuality "1"]
[WhiteTeam "Vilnius MRU"]
[BlackTeam "Kaunas Security"]
[WhiteTeamCountry "LTU"]
[BlackTeamCountry "LTU"]

1. d4 Nf6 2. c4 g6 3. f3 d5 4. cxd5 Nxd5 5. e4 Nb6 6. Nc3 Bg7 7. Be3 0-0 8. f4 Nc6 9. Nf3 Bg4 10. d5 Nb8 11. h3 Bxf3 12. Qxf3 c6 13. dxc6 Nxc6 14. Rd1 Qc8 15. Bb5 Rd8 16. 0-0 Nd4 17. Qf2 Nxb5 18. Nxb5 Nc4 19. e5 Nxe3 20. Rxd8+ Qxd8 21. Qxe3 Qa5 22. Nc3 Rd8 23. Kh1 Bh6 24. Qf3 Qa6 25. f5 Rd3 26. Qe2 Rd2 27. Qxa6 bxa6 28. f6 Kf8 29. g4 Be3 30. Ne4 Rxb2 31. Rd1 Ke8 32. Nc3 exf6 33. exf6 Rc2 34. Nd5 Bb6 35. a4 h6 36. Re1+ Kf8 37. Re7 Rc5 38. Nxb6 axb6 39. Ra7 Ke8 40. Re7+ Kf8 41. Ra7 Ke8 42. Re7+ 1/2-1/2

[Event "LTU-chT"]
[Site "Lithuania"]
[Date "2023.04.22"]
[Round "6.1"]
[White "Vedrickas, Tautvydas"]
[Black "Limontas, Martynas"]
[Result "1/2-1/2"]
[WhiteElo "2358"]
[BlackElo "2289"]
[PlyCount "63"]
[EventDate "2023.03.04"]
[EventType "team"]
[EventRounds "7"]
[EventCountry "LTU"]
[SourceTitle "EXT 2024"]
[Source "ChessBase"]
[SourceDate "2023.10.10"]
[SourceVersion "1"]
[SourceVersionDate "2023.10.10"]
[SourceQuality "1"]
[WhiteTeam "Vilnius MRU"]
[BlackTeam "Vilnius Chess United"]
[WhiteTeamCountry "LTU"]
[BlackTeamCountry "LTU"]

1. d4 e6 2. c4 Bb4+ 3. Nd2 Nc6 4. a3 Bxd2+ 5. Qxd2 a5 6. b3 d6 7. Bb2 e5 8. dxe5 dxe5 9. Qxd8+ Kxd8 10. f4 Nf6 11. fxe5 Ng4 12. Nf3 Bf5 13. h3 Ne3 14. Kf2 Nxf1 15. Rhxf1 Re8 16. Rac1 h6 17. Rfd1+ Kc8 18. g4 Be6 19. e4 b6 20. Kg3 Kb7 21. Rd5 Re7 22. Bc3 Rae8 23. Re1 Ra8 24. h4 g6 25. Bd2 Rh8 26. Bf4 Ree8 27. Red1 Ra8 28. Rc1 Rae8 29. Rd2 Ra8 30. Be3 Rae8 31. Bf4 Ra8 32. Be3 1/2-1/2

[Event "EU-ch Rapid"]
[Site "Katowice"]
[Date "2022.12.17"]
[Round "5"]
[White "Huzman, Alexander"]
[Black "Vedrickas, Tautvydas"]
[Result "1/2-1/2"]
[WhiteElo "2526"]
[BlackElo "2358"]
[PlyCount "136"]
[EventDate "2022.12.17"]
[EventType "swiss (rapid)"]
[EventRounds "11"]
[EventCountry "POL"]
[SourceTitle "CBM 211 Extra"]
[Source "ChessBase"]
[SourceDate "2023.01.31"]
[SourceVersion "1"]
[SourceVersionDate "2023.01.31"]
[SourceQuality "1"]

1. Nf3 Nf6 2. c4 g6 3. Nc3 Bg7 4. e4 d6 5. d4 0-0 6. Be2 e5 7. Be3 exd4 8. Nxd4 Re8 9. f3 c6 10. Bf2 Nh5 11. Qd2 Na6 12. 0-0 Nc5 13. Rfd1 Be5 14. g3 Bh3 15. Rac1 Qe7 16. Bf1 Bxf1 17. Kxf1 Ne6 18. Kg2 Rad8 19. Nde2 Bg7 20. Bxa7 b5 21. Bb6 Rb8 22. Be3 bxc4 23. Qxd6 Rxb2 24. Qxe7 Rxe7 25. Kf1 f5 26. Rb1 Bxc3 27. Nxc3 Rxh2 28. Bf2 Ng5 29. Rb8+ Kf7 30. Rdd8 Nxf3 31. Rf8+ Kg7 32. Rg8+ Kh6 33. exf5 Nf6 34. fxg6 Nxg8 35. Rxg8 hxg6 36. a4 Rf7 37. Ne4 Nd2+ 38. Kg1 Nf3+ 39. Kf1 Kh7 40. Rd8 c3 41. Nxc3 Ng5 42. Nd1 Ne4 43. Kg1 Rhxf2 44. Nxf2 Nxf2 45. Rc8 Ne4 46. Rxc6 Nxg3 47. a5 Ne2+ 48. Kg2 Kh6 49. a6 Nf4+ 50. Kg3 Nd5 51. Rd6 Ne3 52. Re6 Nf5+ 53. Kg4 Rc7 54. Re4 Ra7 55. Re6 Nd4 56. Rb6 Nf5 57. Kf4 Ng7 58. Ke5 Ne8 59. Kd4 Nc7 60. Rb7 Rxa6 61. Rxc7 Re6 62. Rc1 g5 63. Rg1 Kh5 64. Rh1+ Kg6 65. Rg1 Re2 66. Kd3 Re8 67. Kd4 Kf5 68. Rf1+ Kg4 1/2-1/2

[Event "EU-ch Rapid"]
[Site "Katowice"]
[Date "2022.12.17"]
[Round "4"]
[White "Vedrickas, Tautvydas"]
[Black "Karvatskyi, Oleksii"]
[Result "1-0"]
[WhiteElo "2358"]
[BlackElo "1995"]
[PlyCount "81"]
[EventDate "2022.12.17"]
[EventType "swiss (rapid)"]
[EventRounds "11"]
[EventCountry "POL"]
[SourceTitle "CBM 211 Extra"]
[Source "ChessBase"]
[SourceDate "2023.01.31"]
[SourceVersion "1"]
[SourceVersionDate "2023.01.31"]
[SourceQuality "1"]

1. d4 Nf6 2. c4 g6 3. Nc3 d5 4. cxd5 Nxd5 5. e4 Nxc3 6. bxc3 Bg7 7. Bg5 c5 8. Rc1 0-0 9. d5 Qc7 10. Nf3 Bg4 11. Be2 Re8 12. 0-0 Bxf3 13. Bxf3 h6 14. Be3 Nd7 15. Qd2 Kh7 16. c4 Rad8 17. g3 e5 18. Bg2 Qd6 19. Rb1 b6 20. f4 Re7 21. f5 g5 22. f6 Nxf6 23. Rf5 Ng4 24. Bh3 Nf6 25. Rbf1 Rf8 26. Qe2 Kg8 27. Bg2 Ne8 28. h4 f6 29. Qh5 Qd7 30. hxg5 fxg5 31. Rxf8+ Bxf8 32. Bh3 Qd6 33. Be6+ Rxe6 34. Qf7+ Kh8 35. dxe6 Ng7 36. Qxf8+ Kh7 37. Qxd6 h5 38. Rf7 h4 39. Qe7 Kg6 40. Rxg7+ Kh5 41. Qxg5# 1-0

[Event "EU-ch Blitz"]
[Site "Katowice"]
[Date "2022.12.16"]
[Round "9"]
[White "Fridman, Daniel"]
[Black "Vedrickas, Tautvydas"]
[Result "1-0"]
[WhiteElo "2602"]
[BlackElo "2358"]
[PlyCount "85"]
[EventDate "2022.12.16"]
[EventType "swiss (blitz)"]
[EventRounds "22"]
[EventCountry "POL"]
[SourceTitle "CBM 211 Extra"]
[Source "ChessBase"]
[SourceDate "2023.01.31"]
[SourceVersion "1"]
[SourceVersionDate "2023.01.31"]
[SourceQuality "1"]

1. d4 Nf6 2. Nf3 g6 3. c4 Bg7 4. g3 d6 5. Bg2 0-0 6. Nc3 c6 7. 0-0 Qa5 8. e4 e5 9. Rb1 Nbd7 10. b4 Qc7 11. Re1 Rd8 12. Bb2 Nf8 13. d5 Bg4 14. Qb3 Rac8 15. Rbc1 Bh6 16. Rc2 a6 17. h3 Bxf3 18. Bxf3 cxd5 19. cxd5 b5 20. Be2 Nxe4 21. a4 Bd2 22. Rd1 Bxc3 23. axb5 axb5 24. Bd3 Nxf2 25. Rxf2 Bxb2 26. Qxb2 Qb6 27. Qe2 Rc3 28. Kg2 f5 29. Bxb5 Rb8 30. Bc6 Qxb4 31. g4 f4 32. Kh2 Qb3 33. Qf1 Rxh3+ 34. Qxh3 Qxd1 35. Rf1 Rb2+ 36. Kh1 Qd2 37. g5 e4 38. Bd7 f3 39. Be6+ Kh8 40. Rg1 e3 41. Qh6 Nxe6 42. dxe6 Qd5 43. Qf8# 1-0

[Event "EU-ch Blitz"]
[Site "Katowice"]
[Date "2022.12.16"]
[Round "21"]
[White "Klepek, Witold"]
[Black "Vedrickas, Tautvydas"]
[Result "0-1"]
[WhiteElo "2216"]
[BlackElo "2358"]
[PlyCount "51"]
[EventDate "2022.12.16"]
[EventType "swiss (blitz)"]
[EventRounds "22"]
[EventCountry "POL"]
[SourceTitle "CBM 211 Extra"]
[Source "ChessBase"]
[SourceDate "2023.01.31"]
[SourceVersion "1"]
[SourceVersionDate "2023.01.31"]
[SourceQuality "1"]

1. e4 g6 2. d4 Bg7 3. Nc3 d6 4. Bc4 Nd7 5. Nf3 e6 6. h4 h6 7. h5 g5 8. Qe2 a6 9. e5 d5 10. Bd3 c5 11. dxc5 Nxc5 12. Be3 Qc7 13. Bd4 Ne7 14. 0-0 Bd7 15. Rac1 Rc8 16. Bxc5 Qxc5 17. Rfe1 Qb4 18. Rb1 Nc6 19. a3 Qe7 20. Na4 g4 21. Nh2 g3 22. Nf3 gxf2+ 23. Qxf2 Rg8 24. Nb6 Rc7 25. c4 Bf8 26. b4 0-1

[Event "EU-ch Blitz"]
[Site "Katowice"]
[Date "2022.12.16"]
[Round "8"]
[White "Morkunas, Gustas"]
[Black "Vedrickas, Tautvydas"]
[Result "0-1"]
[WhiteElo "2110"]
[BlackElo "2358"]
[PlyCount "59"]
[EventDate "2022.12.16"]
[EventType "swiss (blitz)"]
[EventRounds "22"]
[EventCountry "POL"]
[SourceTitle "CBM 211 Extra"]
[Source "ChessBase"]
[SourceDate "2023.01.31"]
[SourceVersion "1"]
[SourceVersionDate "2023.01.31"]
[SourceQuality "1"]

1. e4 g6 2. d4 Bg7 3. Nc3 d6 4. Nf3 Nd7 5. Be3 a6 6. Bd3 b5 7. Qd2 Bb7 8. 0-0 h6 9. a3 e6 10. Rfe1 Ne7 11. Rad1 Kf8 12. h3 Kg8 13. Nh2 Kh7 14. f4 c5 15. dxc5 Nxc5 16. Nf3 Rc8 17. Bd4 Bxd4+ 18. Nxd4 Qb6 19. Qf2 Rhf8 20. Nf3 Nd7 21. Ne2 Qxf2+ 22. Kxf2 Nc5 23. Nc3 Kg7 24. g4 Rfd8 25. Rd2 d5 26. e5 d4 27. Ne4 Bxe4 28. Bxe4 d3 29. Bxd3 Nd5 30. Kg3 0-1

[Event "EU-ch Blitz"]
[Site "Katowice"]
[Date "2022.12.16"]
[Round "6"]
[White "Vedrickas, Tautvydas"]
[Black "Saraci, Nderim"]
[Result "0-1"]
[WhiteElo "2358"]
[BlackElo "2468"]
[PlyCount "77"]
[EventDate "2022.12.16"]
[EventType "swiss (blitz)"]
[EventRounds "22"]
[EventCountry "POL"]
[SourceTitle "CBM 211 Extra"]
[Source "ChessBase"]
[SourceDate "2023.01.31"]
[SourceVersion "1"]
[SourceVersionDate "2023.01.31"]
[SourceQuality "1"]

1. d4 Nf6 2. c4 e6 3. Nc3 d5 4. cxd5 exd5 5. Bg5 c6 6. e3 Be7 7. Bd3 0-0 8. Qc2 Nbd7 9. Nge2 Re8 10. 0-0 Nf8 11. Rad1 Nh5 12. Bxe7 Qxe7 13. Rfe1 Bg4 14. Kh1 Bxe2 15. Nxe2 g6 16. Ng1 Rac8 17. Nf3 Nd7 18. e4 dxe4 19. Rxe4 Qd6 20. Bc4 Rxe4 21. Qxe4 Nhf6 22. Qh4 Kg7 23. Re1 Rf8 24. Ne5 Qb4 25. Re2 b5 26. Nxd7 Nxd7 27. Bb3 Qd6 28. h3 Nf6 29. Re5 Rd8 30. Rc5 a5 31. a4 bxa4 32. Bxa4 Qxd4 33. Qxd4 Rxd4 34. b3 Ne4 35. Rxc6 Nxf2+ 36. Kg1 Nd3 37. Ra6 Rd5 38. Ra7 Ne5 39. Kf2 0-1

[Event "LTU-ch Rapid"]
[Site "Taujenai"]
[Date "2022.12.04"]
[Round "8"]
[White "Sakalauskas, Vaidas"]
[Black "Vedrickas, Tautvydas"]
[Result "0-1"]
[WhiteElo "2317"]
[BlackElo "2246"]
[PlyCount "90"]
[EventDate "2022.12.03"]
[EventType "swiss (rapid)"]
[EventRounds "10"]
[EventCountry "LTU"]
[SourceTitle "CBM 211 Extra"]
[Source "ChessBase"]
[SourceDate "2023.01.31"]
[SourceVersion "1"]
[SourceVersionDate "2023.01.31"]
[SourceQuality "1"]

1. d4 Nf6 2. Nf3 g6 3. c4 Bg7 4. Nc3 0-0 5. e4 d6 6. Be2 e5 7. 0-0 Nc6 8. d5 Ne7 9. Ne1 Ne8 10. Nd3 f5 11. Bd2 Nf6 12. f3 f4 13. c5 h5 14. cxd6 cxd6 15. Nf2 g5 16. h3 Rf7 17. a4 Bf8 18. Qc2 Rg7 19. Nb5 Ng6 20. Rfc1 Ne8 21. Ra3 a6 22. Rc3 Bxh3 23. gxh3 g4 24. fxg4 axb5 25. Rc8 Qh4 26. Rxa8 Qg3+ 27. Kf1 Nh4 28. Qd3 f3 29. Rxe8 Rf7 30. Be3 Ng2 31. Rcc8 hxg4 32. hxg4 fxe2+ 33. Kxe2 Rxf2+ 34. Bxf2 Nf4+ 35. Ke1 Nxd3+ 36. Kd2 Qxf2+ 37. Kxd3 Qd4+ 38. Kc2 Qxe4+ 39. Kc3 Qd4+ 40. Kc2 Qxa4+ 41. b3 Qe4+ 42. Kb2 Qf4 43. Rb8 b4 44. Rxb7 Qd2+ 45. Kb1 Qxd5 0-1

[Event "LTU-ch Rapid"]
[Site "Taujenai"]
[Date "2022.12.03"]
[Round "4"]
[White "Morkunas, Gustas"]
[Black "Vedrickas, Tautvydas"]
[Result "0-1"]
[WhiteElo "2101"]
[BlackElo "2246"]
[PlyCount "92"]
[EventDate "2022.12.03"]
[EventType "swiss (rapid)"]
[EventRounds "10"]
[EventCountry "LTU"]
[SourceTitle "CBM 211 Extra"]
[Source "ChessBase"]
[SourceDate "2023.01.31"]
[SourceVersion "1"]
[SourceVersionDate "2023.01.31"]
[SourceQuality "1"]

1. e4 g6 2. d4 Bg7 3. Nc3 d6 4. Be3 Nd7 5. f4 a6 6. Qf3 e6 7. 0-0-0 b5 8. Kb1 Bb7 9. g4 Ne7 10. Bg2 0-0 11. h4 f5 12. gxf5 exf5 13. Qh3 b4 14. Nce2 fxe4 15. Bxe4 Bxe4 16. Qe6+ Rf7 17. Qxe4 Nf5 18. Bf2 Nf6 19. Qg2 Qe8 20. Nc1 Qe4 21. Nf3 Rb8 22. Rhe1 Qd5 23. Qh3 Nh5 24. Ng5 Rf6 25. Nd3 a5 26. Qf3 Qxf3 27. Nxf3 Rff8 28. Ng5 Rfe8 29. d5 Bf6 30. Ne6 Re7 31. Ng5 Rbe8 32. Rxe7 Rxe7 33. Nf3 Re4 34. Re1 Rxe1+ 35. Bxe1 Ne3 36. a3 Nxd5 37. axb4 axb4 38. Nxb4 Nxb4 39. Bxb4 Nxf4 40. Be1 Kf7 41. c3 Ke6 42. Kc2 Kf5 43. Kd2 Ke4 44. Ng5+ Bxg5 45. hxg5 Nd3 46. Bg3 Nxb2 0-1

[Event "LTU-ch Rapid"]
[Site "Taujenai"]
[Date "2022.12.03"]
[Round "5"]
[White "Vedrickas, Tautvydas"]
[Black "Martynkova, Olena"]
[Result "1-0"]
[WhiteElo "2246"]
[BlackElo "2155"]
[PlyCount "37"]
[EventDate "2022.12.03"]
[EventType "swiss (rapid)"]
[EventRounds "10"]
[EventCountry "LTU"]
[SourceTitle "CBM 211 Extra"]
[Source "ChessBase"]
[SourceDate "2023.01.31"]
[SourceVersion "1"]
[SourceVersionDate "2023.01.31"]
[SourceQuality "1"]

1. d4 d5 2. Nc3 Nf6 3. Bg5 Nbd7 4. Qd3 c5 5. 0-0-0 cxd4 6. Qxd4 e6 7. e4 Be7 8. exd5 exd5 9. Nf3 0-0 10. Nxd5 Nxd5 11. Qxd5 Bxg5+ 12. Nxg5 Qb6 13. Nxf7 Rxf7 14. Bc4 Qf6 15. Rhe1 Nf8 16. Re8 Qf4+ 17. Kb1 Bg4 18. Rxa8 Bxd1 19. Rxf8+ 1-0

[Event "LTU-ch"]
[Site "Vilnius"]
[Date "2021.10.28"]
[Round "8"]
[White "Vedrickas, Tautvydas"]
[Black "Stremavicius, Pijus"]
[Result "1-0"]
[WhiteElo "2359"]
[BlackElo "2209"]
[PlyCount "79"]
[EventDate "2021.10.22"]
[EventType "tourn"]
[EventRounds "9"]
[EventCountry "LTU"]
[EventCategory "4"]
[SourceTitle "CBM 204 Extra"]
[Source "ChessBase"]
[SourceDate "2021.11.30"]
[SourceVersion "1"]
[SourceVersionDate "2021.11.30"]
[SourceQuality "1"]

1. c4 e6 2. Nc3 Nf6 3. e4 d5 4. e5 d4 5. exf6 dxc3 6. bxc3 Qxf6 7. d4 b6 8. Nf3 Bb7 9. Be2 h6 10. Ne5 Bd6 11. Qa4+ c6 12. f4 0-0 13. Bf3 Qe7 14. c5 bxc5 15. Rb1 cxd4 16. cxd4 Na6 17. Bd2 Rab8 18. 0-0 Nc7 19. Rfe1 Nb5 20. Kh1 a6 21. Rbc1 c5 22. Bxb7 Qxb7 23. dxc5 Bxe5 24. c6 Qb6 25. fxe5 Qd4 26. Qxd4 Nxd4 27. c7 Rbc8 28. Bb4 Rfe8 29. Red1 Nf5 30. Rc3 h5 31. Rd7 f6 32. exf6 gxf6 33. g3 Nh6 34. Be7 f5 35. Rc6 Kf7 36. Bd8+ Kg6 37. Rb6 Nf7 38. Rb8 Ne5 39. Rd1 Ng4 40. Rxc8 1-0

[Event "LTU-ch Rapid op"]
[Site "Vilnius"]
[Date "2021.07.17"]
[Round "3"]
[White "Morkunas, Gustas"]
[Black "Vedrickas, Tautvydas"]
[Result "0-1"]
[WhiteElo "1940"]
[BlackElo "2235"]
[PlyCount "80"]
[EventDate "2021.07.17"]
[EventType "swiss (rapid)"]
[EventRounds "9"]
[EventCountry "LTU"]
[SourceTitle "EXT 2023"]
[Source "ChessBase"]
[SourceDate "2022.10.05"]
[SourceVersion "1"]
[SourceVersionDate "2022.10.05"]
[SourceQuality "1"]

1. e4 g6 2. d4 Bg7 3. Nc3 d6 4. Be3 Nd7 5. f4 a6 6. Qf3 c5 7. 0-0-0 cxd4 8. Bxd4 e5 9. Be3 exf4 10. Bxf4 Ne5 11. Bxe5 Bxe5 12. Bc4 Nf6 13. h3 0-0 14. Nge2 b5 15. Bb3 Bb7 16. Nd5 Nxd5 17. Bxd5 Bxd5 18. Rxd5 Rc8 19. Rhd1 Qa5 20. Kb1 Qa4 21. Qd3 Qb4 22. c3 Qc4 23. Nd4 Rfe8 24. Nf3 Bf4 25. Rd4 Qe6 26. Re1 Qf6 27. g4 Rb8 28. g5 Qe7 29. Rd5 Rbc8 30. h4 Rc4 31. Nd4 Be5 32. Nf3 Bf4 33. Nd4 Be5 34. Re2 Rec8 35. a3 Bg7 36. Qd2 R4c5 37. Nf3 Rxd5 38. Qxd5 Qd7 39. Nd4 Qg4 40. Rf2 Qg1+ 0-1

[Event "LTU-ch Rapid op"]
[Site "Vilnius"]
[Date "2021.07.17"]
[Round "6"]
[White "Sumskis, Rimvydas"]
[Black "Vedrickas, Tautvydas"]
[Result "0-1"]
[WhiteElo "1882"]
[BlackElo "2235"]
[PlyCount "71"]
[EventDate "2021.07.17"]
[EventType "swiss (rapid)"]
[EventRounds "9"]
[EventCountry "LTU"]
[SourceTitle "EXT 2023"]
[Source "ChessBase"]
[SourceDate "2022.10.05"]
[SourceVersion "1"]
[SourceVersionDate "2022.10.05"]
[SourceQuality "1"]

1. e4 g6 2. d4 Bg7 3. Nc3 d6 4. h4 h6 5. Be3 a6 6. Qd2 Nd7 7. 0-0-0 b5 8. Bd3 Bb7 9. f3 Rc8 10. Kb1 c5 11. dxc5 Nxc5 12. Nd5 e6 13. Nf4 Na4 14. e5 Bxe5 15. Bxg6 Qf6 16. Bxf7+ Qxf7 17. Nd3 Bg7 18. Ne2 Ne7 19. Bd4 e5 20. Be3 Nf5 21. Bf2 0-0 22. g4 Nd4 23. Nxd4 exd4 24. f4 Bxh1 25. Rxh1 Nc5 26. f5 Qd5 27. Rc1 Nxd3 28. Qxd3 Qc4 29. Qd2 d3 30. cxd3 Qxc1+ 31. Qxc1 Rxc1+ 32. Kxc1 Re8 33. Kd2 Bxb2 34. g5 hxg5 35. hxg5 Re5 36. Kd1 0-1

[Event "LTU-ch Rapid op"]
[Site "Vilnius"]
[Date "2021.07.17"]
[Round "7"]
[White "Vedrickas, Tautvydas"]
[Black "Indriunas, Matas"]
[Result "0-1"]
[WhiteElo "2235"]
[BlackElo "2022"]
[PlyCount "128"]
[EventDate "2021.07.17"]
[EventType "swiss (rapid)"]
[EventRounds "9"]
[EventCountry "LTU"]
[SourceTitle "EXT 2023"]
[Source "ChessBase"]
[SourceDate "2022.10.05"]
[SourceVersion "1"]
[SourceVersionDate "2022.10.05"]
[SourceQuality "1"]

1. d4 Nf6 2. c4 e6 3. Nf3 b6 4. a3 Be7 5. Nc3 d5 6. cxd5 exd5 7. Bg5 0-0 8. e3 Bb7 9. Bd3 h6 10. Bxf6 Bxf6 11. g4 c5 12. h4 cxd4 13. exd4 Re8+ 14. Ne2 Nc6 15. Kf1 Re4 16. g5 hxg5 17. hxg5 Bxg5 18. Bxe4 dxe4 19. Nxg5 Qxg5 20. Qc1 Qd5 21. Qe3 Ba6 22. Rd1 Rd8 23. Qh3 Kf8 24. Qh8+ Ke7 25. Qxg7 Nxd4 26. Rxd4 Qxd4 27. Qxd4 Rxd4 28. Ke1 Bxe2 29. Kxe2 Rc4 30. Kd2 Ke6 31. Rh6+ f6 32. Rh7 a5 33. Rb7 Rc6 34. Rb8 Kf5 35. Rd8 Kf4 36. b4 axb4 37. axb4 Kf3 38. b5 Re6 39. Ke1 f5 40. Rc8 Re5 41. Rc3+ e3 42. Kf1 f4 43. Rb3 Rc5 44. Rb1 Rc2 45. fxe3 fxe3 46. Ra1 Rb2 47. Kg1 e2 48. Ra3+ Ke4 49. Kf2 Kd4 50. Ra6 Kc5 51. Ra8 Kxb5 52. Rc8 Kb4 53. Ke1 b5 54. Rb8 Kc4 55. Rc8+ Kb3 56. Rc7 b4 57. Rc8 Rc2 58. Ra8 Kb2 59. Ra7 b3 60. Ra8 Kc1 61. Ra1+ Kb2 62. Ra8 Kb1 63. Rb8 b2 64. Ra8 Kc1 0-1